|
|
|
|
| LEADER |
00000cam a2200000 a 4500 |
| 001 |
vtls001397047 |
| 003 |
SK-MaSNL |
| 005 |
20260301011921.0 |
| 008 |
240226s1958 xo grn 000 0 slo |
| 015 |
|
|
|a SNBA1958
|
| 020 |
|
|
|q (viazané)
|
| 035 |
|
|
|a SNK000351442
|
| 035 |
|
|
|a urn:nbn:sk:snk-am3i7dh
|
| 035 |
|
|
|a 4CE57A5E-409A-40BC-8421-17BD83C46CD1
|
| 035 |
|
|
|a urn:nbn:sk:snk-am00drx5
|
| 040 |
|
|
|a SNK
|b slo
|c SNK
|e AACR2
|
| 041 |
1 |
|
|a slo
|h ger
|
| 044 |
|
|
|a xo
|c SK
|
| 080 |
|
|
|a 330.14
|2 2011
|
| 080 |
|
|
|a 3
|2 2011
|
| 080 |
|
|
|a (048.8)
|2 2011
|
| 100 |
1 |
|
|a Marx, Karl,
|d 1818-1883
|4 aut
|9 102765
|
| 240 |
1 |
4 |
|a Das Kapital
|l Slovensky
|
| 245 |
1 |
0 |
|a Kapitál
|b kritika politickej ekonómie
|n Zväzok tretí, kniha tretia
|n Časť prvá
|p Celkový proces kapitalistickej výroby
|c Karol Marx ; z nemeckého originálu Das Kapital ... preložil Dušan Plachtinský
|
| 246 |
3 |
0 |
|a Celkový proces kapitalistickej výroby
|
| 250 |
|
|
|a 1. vydanie
|
| 260 |
|
|
|a Bratislava
|b Slovenské vydavateľstvo politickej literatúry
|c 1958
|e Bratislava
|f Pravda
|
| 300 |
|
|
|a 515 strán
|c 21 cm
|
| 504 |
|
|
|a Obsahuje bibliografické odkazy a poznámky
|
| 650 |
0 |
7 |
|a kapitál
|2 SNKPH
|9 16357
|
| 650 |
0 |
7 |
|a politická ekonómia
|2 SNKPH
|9 69672
|
| 655 |
|
7 |
|a monografie
|2 SNKPH
|9 70139
|
| 700 |
1 |
|
|a Plachtinský, Miloš Dušan,
|d 1922-2002
|4 trl
|9 243021
|
| 958 |
|
|
|a NB
|
| 958 |
|
|
|a OP
|
| 968 |
|
|
|b DT
|
| 999 |
|
|
|c 552192
|d 554122
|
| 952 |
|
|
|a SNK
|b SNK
|y VYP
|7 0
|p 17A0407295
|o snkSC 7137/3/3/1 D3
|i snkK 1899/64
|8 3
|0 0
|1 0
|4 0
|d 2003-12-16
|l 0
|r 2005-01-02 00:00:00
|w 2026-02-23
|
| 952 |
|
|
|a SNK
|b SNK
|y VYP
|7 0
|p 17A0527478
|o snkSC 7137/3/1/s-P D2
|i snkKSK 328/59
|8 3
|3 rekatalogizácia
|0 0
|1 0
|4 0
|d 2006-10-31
|l 0
|r 2026-02-23 13:13:53
|w 2026-02-23
|
| 952 |
|
|
|a SNK
|b SNK
|y PREZ
|7 0
|p 17A0252691
|o snkSC 7137/3/3/1
|i snkKSP 2117/58
|0 0
|1 0
|4 0
|d 2000-09-27
|f 1
|l 0
|r 2025-07-04 00:00:00
|w 2026-02-23
|
| 952 |
|
|
|a SNK
|b SNK
|y VYP
|7 0
|p 17A0407858
|o snkSC 7137/3/3/1 D1
|i snkKSP 2118/58
|0 0
|1 0
|4 0
|d 2003-12-15
|l 0
|r 2005-01-02 00:00:00
|w 2026-02-23
|
| 952 |
|
|
|a SNK
|b SNK
|y VYP
|7 0
|p 17A0597099
|o snkSC 7137/3/3/1 D2
|i snkKSK 280/60
|8 3
|3 rekatalogizácia
|0 0
|1 0
|4 0
|d 2008-12-01
|l 0
|r 2026-02-23 13:13:53
|w 2026-02-23
|